| 000 | 00588nam a2200169Ia 4500 | ||
|---|---|---|---|
| 001 | 4970 | ||
| 003 | OSt | ||
| 005 | 20160315114258.0 | ||
| 008 | 140318s9999 xx 000 0 und d | ||
| 040 | _cPK-LaUMT | ||
| 082 |
_a 613 _bHOK-H |
||
| 245 | _a(ہیلتھ مینجمنٹ انفارمیشن سسٹم برائے ابتدائی سطح کے)Health management information system braea ibtadai satah ke | ||
| 260 |
_a(اسلام آباد، پاکستان)Islamabad,Pakistan: _b(منسٹری آف ھیلتھ)Ministroy of Health, _c1994 |
||
| 300 | _a235 p. | ||
| 546 | _aUR | ||
| 942 |
_cBK _2ddc |
||
| 999 |
_c5069 _d5069 |
||